Statistics for Asian Geography by Letter - A

Click here to take the quiz!

General Stats

  • This quiz has been taken 100 times
  • The average score is 14 of 20

Answer Stats

HintAnswer% Correct
Country ruled by the TalibanAfghanistan
100%
Baku is the capital of this countryAzerbaijan
99%
Capital of TurkeyAnkara
98%
Capital of JordanAmman
96%
Sixth most spoken language in the worldArabic
94%
Ocean to the north of AsiaArctic Ocean
90%
The first country in history to adopt Christianity as its official religionArmenia
90%
Capital of KazakhstanAstana
88%
Emirate making up 87% of the UAE's land areaAbu Dhabi
85%
Mountains where the Bible says Noah's ark landedArarat
83%
Capital of TurkmenistanAshgabat
83%
Shrinking lake that was once the fourth-largest in the worldAral Sea
79%
Peninsula also known as Asia Minor, which constitutes most of the land area of TurkeyAnatolia
72%
Fifth largest city in IndiaAhmedabad
70%
Ancient Mesopotamian civilization and empireAssyria
63%
Endangered language that was once the lingua franca of the Middle EastAramaic
40%
Mountain range in Russia, China, Mongolia, and KazakhstanAltai
34%
Persian empire founded by Cyrus the GreatAchaemenid Empire
31%
Third Islamic caliphate, mostly based in BaghdadAbbasid Caliphate
27%
First known empire in MesopotamiaAkkadian Empire
22%

Score Distribution

Percentile by Number Answered

Percent of People with Each Score

Your Score History

You have not taken this quiz